000 00618 a2200205 4500
020 _a0618298428
040 _aDLC
_bDLC
082 0 0 _a808.0666
100 1 _aKolin, Philip C.
245 1 0 _aSuccessful writing at work
_cPhilip C. Kolin.
250 _a7th ed.
260 _aBoston :
_bHoughton Mifflin Co.,
_cc2004.
300 _axxvii, 801 p. :
_bill. (some col.) ;
_c23 cm.
650 0 _aEnglish language
_xRhetoric.
650 0 _aEnglish language
_xBusiness English.
650 0 _aEnglish language
_xTechnical English.
650 0 _aTechnical writing.
650 0 _aBusiness writing.
942 _cBK
_k808.0666 KOL
_2ddc
999 _c4905
_d4905